banner-ar

مهمة السيدة علية : (Record no. 61445)

MARC details
000 -الفاتح
حقل البيانات ثابتة الطول 00911nam a22002417a 4500
005 - وقت وتاريخ اخر تعامل مع التسجيلة
رقم الضبط 20240530110459.0
008 - عناصر البيانات ثابتة الطول - معلومات عامة
حقل البيانات ثابتة الطول 150625s2005 ua ao a 000 j ara d
017 ## - رقم الايداع القانونى
رقم الايداع القانونى 2005/10599
المصدر ( الهيئة المختصة) مصر . دار الكتب المصرية
020 ## - الرقم الدولى المعيارى للكتب
الرقم الدولى المعيارى للكتاب 977617101x
040 ## - مصدر الفهرسة
وكالة الفهرسة الأصلية EG-CaGPL
082 04 - رقم تصنيف ديوى العشرى
رقم الطبعة 21
رقم التصنيف 813.02
رقم المادة ط/س م
100 1# - المدخل الرئيسى - إسم شخصى
الإسم الشخصى ستاماتى ، مارك الان
245 10 - بيان العنوان
العنوان مهمة السيدة علية :
بقية العنوان انقاذ كتب العراق /
بيان المسئوليه,etc مارك الان ستاماتى ؛ ترجمة محمد عنانى
250 ## - بيان الطبعة
بيان الطبعة ط1
260 ## - PUBLICATION, DISTRIBUTION, ETC. (IMPRINT)
تاريخ النشر أو التوزيع 2005 .
300 ## - الوصف المادى
التعداد ( د.ت ) :
تفاصيل ماديه اخرى للوعاء صور ؛
أبعاد الوعاء 20 سم .
650 04 - المدخل الاضافى بالموضوع-مصطلح موضوعى
مصطلح موضوعي ادب الاطفال
650 04 - المدخل الاضافى بالموضوع-مصطلح موضوعى
مصطلح موضوعي تعليم الاطفال
650 04 - المدخل الاضافى بالموضوع-مصطلح موضوعى
مصطلح موضوعي القصة القصيرة
700 0# - المدخل الاضافى - اسم شخصى
الإسم الشخصى محمد عنانى
الدور مترجم
942 ## - عناصر المدخل الإضافي( كوها)
مصدر التصنيف او مخطط الترفيف Dewey Decimal Classification
Koha [default] item type كتاب
260 ## - PUBLICATION, DISTRIBUTION, ETC. (IMPRINT)
-- القاهرة :
-- دار البلسم للنشر و التوزيع ،
Holdings
حالة التراجع حالة الفقد حالة تلف ليس للاعارة المكان المؤقت الموقع الحالى تاريخ الاكتساب اجمالي اﻻعارات رقم الطلب الباركود تاريخ اخر مشاهدة تاريخ تفعيل السعر نوع وعاء كوها
        مكتبة القاهرة الكبرى مكتبة القاهرة الكبرى 06/25/2015   813.02 ط/س م 160742 06/25/2015 06/25/2015 كتاب

Powered By

EGPV